| 000 | 00894pam a2200289 i 4500 | ||
|---|---|---|---|
| 001 | 15669 | ||
| 003 | BD-RjUL | ||
| 005 | 20211208235850.0 | ||
| 008 | 140210s1979 nyua b 001 0 eng | ||
| 020 | _a0471123226 | ||
| 035 | _a(BD-RjUL)15724 | ||
| 040 |
_aDLC _cDLC _dBD-RjUL _beng |
||
| 041 | _aeng | ||
| 082 | 0 | 0 |
_a658.403 _bBUI 1979 |
| 100 | 1 |
_aBurch, John G. _948631 |
|
| 245 | 1 | 0 |
_aInformation systems : _btheory and practice / _cJohn G. Burch, Jr., Felix R. Strater, Gary Grudnitski. |
| 250 | _a2d ed. | ||
| 260 |
_aNew York : _bWiley, _cc1979. |
||
| 300 |
_axv, 571 p. : _bill. ; _c24 cm. |
||
| 504 | _aIncludes bibliographies and index. | ||
| 650 | 0 |
_aManagement information systems. _91330 |
|
| 700 | 1 |
_aStrater, Felix R., _ejoint author. _948632 |
|
| 700 | 1 |
_aGrudnitski, Gary, _ejoint author. _948633 |
|
| 942 |
_2ddc _cBK |
||
| 999 |
_c15669 _d15669 |
||